Statistics for Geometry Dash-General Knowledge #2

Click here to take the quiz!

General Stats

  • This quiz has been taken 302 times
    (286 since last reset)
  • The average score is 7 of 15

Answer Stats

QuestionAnswer% Correct
Fill the blank: Supersonic, Ultrasonic, Hypersonic, ____sonic?Subsonic
78%
When extreme demon Bloodbath was verified back in 1.9, it had an Easter egg at 98% where a player could go above the GG and triple spike at the end of the level. The Easter egg was dedicated to whom?Michigun
77%
Yatagarasu was designed to be the "legendary demon", never vanquished. It now sits at number 3 below Sonic Wave and what other level?Erebus
72%
On the last part of Acropolis, Zobros put a ___ mode which the player had to navigate a narrow passageway between the ceiling and Zobros's name.Wave
66%
In 2.0, well-known creator Rob Buck created an immensly object-heavy extreme demon using the song "Tuxedo Lightsaber Battle" by F-777. It was verified by BoldStep. What is the level called?Glowy
63%
The first level in the Demon Gauntlet is Sidestep. Who made that level?ChaSe
54%
A player called IIINePtunEIII was one of the most popular creators from 1.5 to 1.9, before quitting in 2.0. What is considered his hardest demon created?Necropolis
52%
Who was the first person to ever surpass Silent Clubstep legitimately in practice mode?Zobros
41%
Big Geometry Dash YouTuber EricVanWilderman verified and published a megacollab which featured creators such as Knobbelboy, Rustam and Darwin. What was the level called?Subterranean Animism
37%
Don't Rate This Level is a joke level by Krazyman50 with bland gameplay and purposely misspelt lyrics for comedy. Which song by TheFatRat is used in this level?The Calling
28%
In extreme demon Yatagarasu by TrusTa and more, which creator's part was the only part to have a swing-copter/hover ball/helicopter mode in the entire level?Hinds
27%
In early 2.1, Krazyman50 verified the extreme demon Black Blizzard. Who was the first to beat the level after Krazyman50? HINT: He was a very prominent 60hz player in 1.9 to late 2.1, although he has now switched to 144hz?SrGuillester
22%
When Surv took on the role of becoming verifier of Yatagarasu, Manix648's part was removed. ViPriN made a creator contest for someone's part to get added to the final level. Who won that contest?AbstractDark
17%
On December 27, 2014, a relatively new player called Riot beat his first demon on the Steam version of Geometry Dash. What was that level by Noobas called?Valley of Dreams
11%
Who is the first person to ever beat both Erebus and Yatagarasu?Wooshi999
5%

Score Distribution

Percentile by Number Answered

Percent of People with Each Score

Your Score History

You have not taken this quiz since the last reset